| 000 | 00000nam##2200000za#4500 |
| 001 | 9.641873 |
| 003 | CaOODSP |
| 005 | 20210624223427 |
| 007 | cr ||||||||||| |
| 008 | 150407|2007||||xxc|||||o f|0| 0 fre|d |
| 040 | |aCaOODSP|bfre |
| 043 | |an-cn--- |
| 086 | 1 |aT52-4/87-2-2008F-PDF |
| 110 | 1 |aCanada.|bTransports Canada. |bAviation civile. |
| 245 | 10|aSystème de gestion des risques liés à la fatigue pour le milieu aéronautique canadien. Stratégies de gestion de la fatigue pour les employés |h[ressource électronique] |
| 260 | |aOttawa - Ontario : |bTransports Canada. |cc2008. |
| 300 | |a72p. |
| 500 | |a«Le présent guide fait partie de la boîte à outils du Système de gestion des risques liés à la fatigue (SGRF) pour le milieu aéronautique canadien.»--Page 3 de 97. |
| 590 | |a13-13-Supp|b2013-05-21 |
| 775 | 08|tFatigue Risk Management System for the Canadian aviation industry. Fatigue management strategies for employees |w(CaOODSP)9.697876 |
| 856 | 40|ahttp://publications.gc.ca|qPDF|s378 Ko|uhttps://publications.gc.ca/collections/collection_2013/tc/T52-4-87-2-2008-fra.pdf |
| 986 | |aTP 14573F (Avril 2007) |